000 00445pab a2200181 454500
008 180718b2015 xxu||||| |||| 00| 0 eng d
100 _aRamanujam, Renuka
245 _aTribal women domestic workers and placement agencies
260 _c2015
300 _ap.393-408.
362 _aOct-Dec
650 _aEmployment services.
650 _aWomen
650 _aTribes
650 _aDomestics
773 _aSocial Action
909 _a109670
999 _c109665
_d109665